| 000 | 00448nam a22001577a 4500 | ||
|---|---|---|---|
| 005 | 20251218113040.0 | ||
| 008 | 251218b |||||||| |||| 00| 0 eng d | ||
| 020 | _a978-81-203-4009-1 | ||
| 100 | _aBHATTACHARYYA, DIPAK KUMAR | ||
| 245 |
_aCROSS-CULTURAL MANAGEMENT _bTEXT AND CASES |
||
| 260 |
_aDELHI _bPHI LEARNING _c2025 |
||
| 300 | _aXI, 344P. | ||
| 500 | _aINCLUDES INDEX | ||
| 650 | _aMANAGEMENT -CROSS-CULTURAL STUDIES | ||
| 942 |
_2lcc _cBK |
||
| 999 |
_c216352 _d216352 |
||